000 01137cam a2200337 4500
001 D15467
008 090401t1983 xxu||||| |||| 00| 0 eng d
035 _a(Sirsi) u23034
041 _aeng
050 _a331.2166
_c18
090 _aRICS 1983/36ABC
110 _aRoyal Institution of Chartered Surveyors
_94900
245 _aGuide to the scales of professional charges for quantity surveying services
245 _aScales of Professional Charges for Quantity Surveying Services
250 _a2nd ed.
260 _aLondon
_bSurveyors Publications
_c1983
300 _a23p.
_c21cm.
490 _aRICS Guidance Note
520 _aSupserseded by third edition (ISBN 0854063382). Supersedes first edition (D15468).
520 _aWithdrawn 1 August 2006
650 _aFEE SCALES
650 _aPROFESSIONAL CHARGES
650 _aPROFESSIONAL FEES
650 _aQUANTITY SURVEYORS' FEES
651 _aUnited Kingdom
_y
690 _aQuantity surveying
_96263
690 _aBUILT ENVIRONMENT
710 _aRoyal Institution of Chartered Surveyors
_bQuantity Surveyors' Division
_91263
942 _n0
948 _c04/03/1997
999 _c88304
_d88304